warhammer40k character quiz - Statistics

General Stats
  • This quiz has been taken 32 times
  • The average score is 4 of 9
Answer Stats
Picture Answer % Correct
ork
83%
terminator
76%
dreadnought
72%
space marine
72%
dark angel
21%
Neurotyrant
17%
blood angel
14%
termagent
3%
psycophage
0%
No matching quizzes found
Score Distribution
Percent of People with Each Score
Percentile by Number Answered
Your Score History
You have not taken this quiz